Clic Quel acteur(rice)-chanteur(se) joue dans ce film ? (2) - Statistiques

Statistiques générales
  • Ce quiz a été pris 25 fois
  • Le résultat moyen est 8 sur 28
Statistiques - réponses
Hint Réponse % Correct
La Famille Bélier d'Éric Lartigau Louane
100%
Le Petit Monde de don Camillo Fernandel
75%
Le Corniaud de Gérard Oury avec Louis de Funès : Bourvil
71%
Et Dieu… créa la femme de Roger Vadim Brigitte Bardot
63%
L'Emmerdeur d'Édouard Molinaro Jacques Brel
54%
Germinal de Claude Berri Renaud
46%
Van Gogh de Maurice Pialat Jacques Dutronc
42%
I… comme Icare d'Henri Verneuil Yves Montand
42%
La Traversée de Paris de Claude Autant-Lara Jean Gabin
38%
Le Cercle rouge de Jean-Pierre Melville Bourvil
33%
Les Vieux Fourneaux de Christophe Duthuron Eddy Mitchell
29%
Les Fantômes du chapelier de Claude Chabrol Charles Aznavour
25%
Le Sixième Jour de Youssef Chahine Dalida
25%
Coup de torchon, de Bertrand Tavernier Eddy Mitchell
25%
La situation est grave mais... pas désespérée !, de Jacques Besnard Jean Lefebvre
21%
L'aventure c'est l'aventure de Claude Lelouch Jacques Brel
17%
Sortie de secours de Roger Kahane Régine
17%
Le Mystère de la chambre jaune de Henri Aisner Serge Reggiani
17%
L'Ours et la Poupée de Michel Deville Brigitte Bardot
13%
Quelques messieurs trop tranquilles, de Georges Lautner Jean Lefebvre
13%
Les Francis de Fabrice Begotti Jenifer
13%
L'aventure c'est l'aventure, de Claude Lelouch Johnny Hallyday
13%
Mort d'un pourri de Georges Lautner Mireille Darc
13%
La Vengeance d'une blonde de Jeannot Szwarc Annie Cordy
8%
La Totale !, de Claude Zidi Eddy Mitchell
8%
La Belle Noiseuse de Jacques Rivette Jane Birkin
8%
Les Racines du ciel de John Huston Juliette Gréco
4%
Les Amants de demain de Marcel Blistène Edith Piaf
0%
Aucun quiz correspondant
Distribution des résultats
% des personnes avec chaque résultat
Percentile par nombre de réponses
Votre historique - résultats
Vous n’avez pas pris ce quiz